|
|
|
|
| LEADER |
01973nam a2200457 4500 |
| 001 |
ocn648245632 |
| 003 |
OCoLC |
| 005 |
20180501121930.0 |
| 006 |
m o d |
| 007 |
cr cn||||||||| |
| 008 |
080801s2004 mau ob 001 0 eng d |
| 040 |
|
|
|a E7B
|b eng
|e pn
|c E7B
|d OCLCQ
|d OPELS
|d OCLCQ
|d OCLCF
|d OCLCQ
|d GrThAP
|
| 020 |
|
|
|a 9780080522319
|q (electronic bk.)
|
| 020 |
|
|
|a 0080522319
|q (electronic bk.)
|
| 020 |
|
|
|a 0120176521
|q (electronic bk.)
|
| 020 |
|
|
|a 9780120176526
|q (electronic bk.)
|
| 035 |
|
|
|a (OCoLC)648245632
|
| 050 |
|
4 |
|a QH431.A1
|b A352 2004eb
|
| 082 |
0 |
4 |
|a 576.5
|2 22
|
| 049 |
|
|
|a TEFA
|
| 245 |
0 |
0 |
|a Advances in genetics.
|n Volume 52 /
|c edited by Jeffrey C. Hall, Jay C. Dunlap, Theodore Friedmann.
|
| 260 |
|
|
|a Boston ;
|a Amsteram :
|b Elsevier/Academic Press,
|c ©2004.
|
| 300 |
|
|
|a 1 online resource (ix, 216 pages).
|
| 336 |
|
|
|a text
|b txt
|2 rdacontent
|
| 337 |
|
|
|a computer
|b c
|2 rdamedia
|
| 338 |
|
|
|a online resource
|b cr
|2 rdacarrier
|
| 490 |
1 |
|
|a Advances in genetics ;
|v v. 52
|
| 504 |
|
|
|a Includes bibliographical references and index.
|
| 588 |
0 |
|
|a Print version record.
|
| 520 |
|
|
|a The field of genetics is rapidly evolving and new medical breakthroughs are occurring as a result of advances in knowledge of genetics. This series continually publishes important reviews of the broadest interest to geneticists and their colleagues in affiliated disciplines.
|
| 650 |
|
0 |
|a Genetics.
|
| 650 |
|
0 |
|a Heredity.
|
| 650 |
|
7 |
|a Genetics.
|2 fast
|0 (OCoLC)fst00940117
|
| 650 |
|
7 |
|a Heredity.
|2 fast
|0 (OCoLC)fst00955412
|
| 655 |
|
4 |
|a Electronic books.
|
| 700 |
1 |
|
|a Hall, Jeffrey C.
|
| 700 |
1 |
|
|a Dunlap, Jay C.
|
| 700 |
1 |
|
|a Friedmann, Theodore,
|d 1935-
|
| 776 |
0 |
8 |
|i Print version:
|t Advances in genetics. Volume 52.
|d Boston ; Amsteram : Elsevier/Academic Press, ©2004
|w (DLC) 47030313
|
| 830 |
|
0 |
|a Advances in genetics ;
|v v. 52.
|
| 856 |
4 |
0 |
|u https://www.sciencedirect.com/science/bookseries/00652660/52
|z Full Text via HEAL-Link
|